Tấm lòng người mẹ

Sách nói về vai trò người mẹ của Lênin trong việc phát triển và giáo dục nhân cách cho con cái

Wedi'i Gadw mewn:
Manylion Llyfryddiaeth
Fformat: Llyfr
Iaith:Undetermined
Cyhoeddwyd: Hà Nội Phụ nữ 1981
Pynciau:
Tagiau: Ychwanegu Tag
Dim Tagiau, Byddwch y cyntaf i dagio'r cofnod hwn!
Thư viện lưu trữ: Trung tâm Học liệu Trường Đại học Cần Thơ
LEADER 00602nam a2200169Ia 4500
001 CTU_6110
008 210402s9999 xx 000 0 und d
082 |a 371.103 
082 |b T120 
245 0 |a Tấm lòng người mẹ 
260 |a Hà Nội 
260 |b Phụ nữ 
260 |c 1981 
520 |a Sách nói về vai trò người mẹ của Lênin trong việc phát triển và giáo dục nhân cách cho con cái 
650 |a education,home education 
904 |i Nguyễn Quang Điền, 960812 
980 |a Trung tâm Học liệu Trường Đại học Cần Thơ